[Event "Pobeskydi 2026"]
[Site "Frydek-Mistek, Czech Republic"]
[Date "2026.04.03"]
[Round "3.3"]
[White "Karas, Marek"]
[Black "Haasova, Timea"]
[Result "1/2-1/2"]
[TimeControl "90 min+30s/move"]
[WhiteTitle "-"]
[BlackTitle "-"]
[WhiteFideId "14928558"]
[BlackFideId "14960109"]
[WhiteElo "2232"]
[BlackElo "2012"]

1. c4 {[%clk 01:30:41]} {[%emt 00:00:18]} e5 {[%clk 01:30:49]} {[%emt
00:00:12]} 2. Nc3 {[%clk 01:30:54]} {[%emt 00:00:15]} Nf6 {[%clk 01:30:57]}
{[%emt 00:00:23]} 3. Nf3 {[%clk 01:31:10]} {[%emt 00:00:13]} Nc6 {[%clk
01:31:03]} {[%emt 00:00:25]} 4. e3 {[%clk 01:31:27]} {[%emt 00:00:12]} d5
{[%clk 01:20:49]} {[%emt 00:10:45]} 5. cxd5 {[%clk 01:31:45]} {[%emt 00:00:12]}
Nxd5 {[%clk 01:21:05]} {[%emt 00:00:15]} 6. Bb5 {[%clk 01:32:07]} {[%emt
00:00:07]} Nxc3 {[%clk 01:14:00]} {[%emt 00:07:35]} 7. bxc3 {[%clk 01:32:31]}
{[%emt 00:00:06]} Bd7 {[%clk 01:10:21]} {[%emt 00:04:09]} 8. d4 {[%clk
01:32:18]} {[%emt 00:00:42]} e4 {[%clk 01:03:53]} {[%emt 00:06:58]} 9. Nd2
{[%clk 01:25:38]} {[%emt 00:07:10]} Qg5 {[%clk 00:59:22]} {[%emt 00:05:03]} 10.
Bf1 {[%clk 01:25:57]} {[%emt 00:00:10]} f5 {[%clk 00:52:05]} {[%emt 00:07:48]}
11. g3 {[%clk 01:23:36]} {[%emt 00:02:49]} a6 {[%clk 00:45:30]} {[%emt
00:07:06]} 12. Rb1 {[%clk 01:21:52]} {[%emt 00:02:14]} b5 {[%clk 00:43:42]}
{[%emt 00:02:19]} 13. Be2 {[%clk 01:14:16]} {[%emt 00:08:05]} Be7 {[%clk
00:40:15]} {[%emt 00:03:58]} 14. Qb3 {[%clk 01:09:23]} {[%emt 00:05:21]} Na5
{[%clk 00:37:01]} {[%emt 00:03:45]} 15. Qc2 {[%clk 01:09:18]} {[%emt 00:00:33]}
c5 {[%clk 00:30:48]} {[%emt 00:06:45]} 16. Nb3 {[%clk 01:04:37]} {[%emt
00:05:11]} Nxb3 {[%clk 00:28:58]} {[%emt 00:02:20]} 17. axb3 {[%clk 01:04:40]}
{[%emt 00:00:27]} Rc8 {[%clk 00:27:12]} {[%emt 00:02:16]} 18. Qa2 {[%clk
01:02:09]} {[%emt 00:03:01]} Qf6 {[%clk 00:24:46]} {[%emt 00:02:56]} 19. Bd2
{[%clk 01:00:52]} {[%emt 00:01:46]} h5 {[%clk 00:15:04]} {[%emt 00:10:13]} 20.
h4 {[%clk 01:00:06]} {[%emt 00:01:16]} Qc6 {[%clk 00:15:16]} {[%emt 00:00:19]}
21. Ra1 {[%clk 00:55:19]} {[%emt 00:05:16]} Rh6 {[%clk 00:15:13]} {[%emt
00:00:33]} 22. Rg1 {[%clk 00:46:51]} {[%emt 00:08:58]} g5 {[%clk 00:11:39]}
{[%emt 00:04:04]} 23. hxg5 {[%clk 00:44:26]} {[%emt 00:02:54]} Bxg5 {[%clk
00:11:56]} {[%emt 00:00:14]} 24. c4 {[%clk 00:38:40]} {[%emt 00:06:16]} h4
{[%clk 00:05:10]} {[%emt 00:07:16]} 25. gxh4 {[%clk 00:36:21]} {[%emt
00:02:49]} Bxh4 {[%clk 00:05:29]} {[%emt 00:00:11]} 26. b4 {[%clk 00:34:34]}
{[%emt 00:02:16]} Qd6 {[%clk 00:01:07]} {[%emt 00:04:53]} 27. bxc5 {[%clk
00:25:45]} {[%emt 00:09:19]} Bxf2+ {[%clk 00:00:55]} {[%emt 00:00:42]} 28. Kd1
{[%clk 00:25:52]} {[%emt 00:00:23]} Qh2 {[%clk 00:00:43]} {[%emt 00:00:42]} 29.
Rg7 {[%clk 00:24:28]} {[%emt 00:01:53]} Rh7 {[%clk 00:00:35]} {[%emt 00:00:39]}
30. Rxd7 {[%clk 00:22:44]} {[%emt 00:02:14]} Rxd7 {[%clk 00:00:34]} {[%emt
00:00:32]} 31. Qxa6 {[%clk 00:22:47]} {[%emt 00:00:26]} Qc7 {[%clk 00:00:35]}
{[%emt 00:00:29]} 32. cxb5 {[%clk 00:19:20]} {[%emt 00:03:56]} f4 {[%clk
00:00:36]} {[%emt 00:00:30]} 33. Ba5 {[%clk 00:18:29]} {[%emt 00:01:20]} Qxc5
{[%clk 00:00:45]} {[%emt 00:00:22]} 34. Bh5+ {[%clk 00:14:23]} {[%emt
00:04:32]} Ke7 {[%clk 00:01:08]} {[%emt 00:00:11]} 35. Bb4 {[%clk 00:13:46]}
{[%emt 00:01:07]} 1/2-1/2

[Event "Pobeskydi 2026"]
[Site "Frydek-Mistek, Czech Republic"]
[Date "2026.04.03"]
[Round "3.4"]
[White "Buchtova, Viktorie"]
[Black "Sigut, Ondrej"]
[Result "0-1"]
[TimeControl "90 min+30s/move"]
[WhiteTitle "-"]
[BlackTitle "-"]
[WhiteFideId "23714786"]
[BlackFideId "23712813"]
[WhiteElo "2055"]
[BlackElo "2016"]

1. e4 {[%clk 01:30:58]} {[%emt 00:00:02]} e6 {[%clk 01:30:56]} {[%emt
00:00:04]} 2. d4 {[%clk 01:31:24]} {[%emt 00:00:03]} d5 {[%clk 01:31:22]}
{[%emt 00:00:04]} 3. Nc3 {[%clk 01:31:53]} {[%emt 00:00:02]} Nf6 {[%clk
01:31:46]} {[%emt 00:00:06]} 4. e5 {[%clk 01:32:11]} {[%emt 00:00:12]} Nfd7
{[%clk 01:32:11]} {[%emt 00:00:05]} 5. f4 {[%clk 01:32:35]} {[%emt 00:00:06]}
c5 {[%clk 01:32:34]} {[%emt 00:00:07]} 6. Nf3 {[%clk 01:33:02]} {[%emt
00:00:03]} Nc6 {[%clk 01:32:53]} {[%emt 00:00:11]} 7. Be3 {[%clk 01:33:26]}
{[%emt 00:00:06]} h6 {[%clk 01:26:01]} {[%emt 00:07:22]} 8. a3 {[%clk
01:26:11]} {[%emt 00:07:45]} cxd4 {[%clk 01:09:31]} {[%emt 00:16:59]} 9. Nxd4
{[%clk 01:26:21]} {[%emt 00:00:20]} a6 {[%clk 00:59:41]} {[%emt 00:10:22]} 10.
Qg4 {[%clk 01:17:03]} {[%emt 00:09:47]} Nxd4 {[%clk 00:54:45]} {[%emt
00:05:27]} 11. Bxd4 {[%clk 01:17:25]} {[%emt 00:00:07]} g5 {[%clk 00:50:18]}
{[%emt 00:04:57]} 12. f5 {[%clk 00:58:53]} {[%emt 00:19:02]} h5 {[%clk
00:42:25]} {[%emt 00:08:23]} 13. Qf3 {[%clk 00:57:03]} {[%emt 00:02:20]} Bc5
{[%clk 00:36:15]} {[%emt 00:06:40]} 14. fxe6 {[%clk 00:56:02]} {[%emt
00:01:32]} fxe6 {[%clk 00:36:32]} {[%emt 00:00:12]} 15. Bd3 {[%clk 00:54:52]}
{[%emt 00:01:39]} Qe7 {[%clk 00:34:54]} {[%emt 00:02:09]} 16. Bg6+ {[%clk
00:52:22]} {[%emt 00:02:59]} Kd8 {[%clk 00:35:21]} {[%emt 00:00:04]} 17. Bxc5
{[%clk 00:52:33]} {[%emt 00:00:19]} Qxc5 {[%clk 00:32:54]} {[%emt 00:02:57]} 18.
O-O-O {[%clk 00:49:20]} {[%emt 00:03:42]} Kc7 {[%clk 00:30:10]} {[%emt
00:03:16]} 19. Rhe1 {[%clk 00:36:59]} {[%emt 00:12:50]} Nb6 {[%clk 00:28:52]}
{[%emt 00:01:48]} 20. Bxh5 {[%clk 00:32:43]} {[%emt 00:04:45]} Bd7 {[%clk
00:27:24]} {[%emt 00:01:59]} 21. Bg4 {[%clk 00:30:17]} {[%emt 00:02:55]} Raf8
{[%clk 00:25:48]} {[%emt 00:02:06]} 22. Qg3 {[%clk 00:28:25]} {[%emt 00:02:22]}
Kb8 {[%clk 00:14:47]} {[%emt 00:11:32]} 23. h3 {[%clk 00:27:51]} {[%emt
00:01:04]} Rf4 {[%clk 00:11:05]} {[%emt 00:04:12]} 24. Qd3 {[%clk 00:21:40]}
{[%emt 00:06:40]} Rc8 {[%clk 00:10:04]} {[%emt 00:01:32]} 25. Rd2 {[%clk
00:20:16]} {[%emt 00:01:54]} Nc4 {[%clk 00:08:26]} {[%emt 00:02:08]} 26. Rde2
{[%clk 00:20:02]} {[%emt 00:00:45]} Rd4 {[%clk 00:06:57]} {[%emt 00:01:58]} 27.
Qh7 {[%clk 00:12:35]} {[%emt 00:07:57]} Nxb2 {[%clk 00:05:53]} {[%emt
00:01:35]} 28. Qxd7 {[%clk 00:10:32]} {[%emt 00:02:32]} Qxc3 {[%clk 00:05:04]}
{[%emt 00:01:19]} 29. Qxc8+ {[%clk 00:02:59]} {[%emt 00:08:03]} Kxc8 {[%clk
00:05:28]} {[%emt 00:00:06]} 30. Bxe6+ {[%clk 00:03:25]} {[%emt 00:00:03]} Kb8
{[%clk 00:05:24]} {[%emt 00:00:35]} 31. Bf5 {[%clk 00:03:34]} {[%emt 00:00:22]}
Nc4 {[%clk 00:05:44]} {[%emt 00:00:09]} 0-1

[Event "Pobeskydi 2026"]
[Site "Frydek-Mistek, Czech Republic"]
[Date "2026.04.03"]
[Round "3.5"]
[White "Sarkozi, Szabolcs"]
[Black "Langmaier, Michal"]
[Result "0-1"]
[TimeControl "90 min+30s/move"]
[WhiteTitle "-"]
[BlackTitle "-"]
[WhiteFideId "14941660"]
[BlackFideId "23727705"]
[WhiteElo "2117"]
[BlackElo "1949"]

1. e4 {[%clk 01:30:49]} {[%emt 00:00:10]} c5 {[%clk 01:30:47]} {[%emt
00:00:13]} 2. Nc3 {[%clk 01:31:11]} {[%emt 00:00:09]} e6 {[%clk 01:30:26]}
{[%emt 00:00:51]} 3. d4 {[%clk 01:31:26]} {[%emt 00:00:14]} cxd4 {[%clk
01:30:48]} {[%emt 00:00:08]} 4. Qxd4 {[%clk 01:31:51]} {[%emt 00:00:05]} Nc6
{[%clk 01:31:07]} {[%emt 00:00:12]} 5. Qe3 {[%clk 01:32:09]} {[%emt 00:00:12]}
Nf6 {[%clk 01:30:09]} {[%emt 00:01:27]} 6. Nf3 {[%clk 01:32:33]} {[%emt
00:00:06]} Bb4 {[%clk 01:28:41]} {[%emt 00:01:58]} 7. Bd2 {[%clk 01:32:57]}
{[%emt 00:00:07]} O-O {[%clk 01:27:44]} {[%emt 00:01:26]} 8. O-O-O {[%clk
01:32:49]} {[%emt 00:00:38]} d6 {[%clk 01:25:17]} {[%emt 00:02:57]} 9. a3
{[%clk 01:32:01]} {[%emt 00:01:18]} Bc5 {[%clk 01:24:52]} {[%emt 00:00:55]} 10.
Qe2 {[%clk 01:32:22]} {[%emt 00:00:09]} Qe7 {[%clk 01:18:47]} {[%emt 00:06:35]}
11. Bg5 {[%clk 01:29:59]} {[%emt 00:02:53]} a6 {[%clk 01:12:38]} {[%emt
00:06:39]} 12. g4 {[%clk 01:20:20]} {[%emt 00:10:08]} b5 {[%clk 01:08:57]}
{[%emt 00:04:12]} 13. Rg1 {[%clk 00:55:59]} {[%emt 00:24:52]} b4 {[%clk
01:01:52]} {[%emt 00:07:35]} 14. Na4 {[%clk 00:55:38]} {[%emt 00:00:51]} bxa3
{[%clk 00:47:03]} {[%emt 00:15:19]} 15. b3 {[%clk 00:44:47]} {[%emt 00:11:21]}
e5 {[%clk 00:41:05]} {[%emt 00:06:28]} 16. h3 {[%clk 00:34:59]} {[%emt
00:10:18]} Be6 {[%clk 00:35:08]} {[%emt 00:06:26]} 17. Bh4 {[%clk 00:23:21]}
{[%emt 00:12:09]} Bd4 {[%clk 00:26:20]} {[%emt 00:09:18]} 18. g5 {[%clk
00:13:43]} {[%emt 00:10:08]} Nxe4 {[%clk 00:19:45]} {[%emt 00:07:05]} 19. Nxd4
{[%clk 00:13:34]} {[%emt 00:00:38]} Nxd4 {[%clk 00:19:22]} {[%emt 00:00:53]} 20.
Rxd4 {[%clk 00:13:12]} {[%emt 00:00:51]} exd4 {[%clk 00:17:50]} {[%emt
00:02:03]} 21. Qxe4 {[%clk 00:13:17]} {[%emt 00:00:25]} Qc7 {[%clk 00:14:10]}
{[%emt 00:04:11]} 22. Bd3 {[%clk 00:05:38]} {[%emt 00:08:09]} g6 {[%clk
00:14:34]} {[%emt 00:00:06]} 23. Kb1 {[%clk 00:06:02]} {[%emt 00:00:05]} Rab8
{[%clk 00:09:51]} {[%emt 00:05:12]} 24. Qxd4 {[%clk 00:02:38]} {[%emt
00:03:55]} a5 {[%clk 00:07:05]} {[%emt 00:03:16]} 25. Bg3 {[%clk 00:02:15]}
{[%emt 00:00:54]} Rfd8 {[%clk 00:06:58]} {[%emt 00:00:36]} 26. Re1 {[%clk
00:00:41]} {[%emt 00:02:04]} Rb4 {[%clk 00:05:22]} {[%emt 00:02:07]} 27. Qf6
{[%clk 00:00:52]} {[%emt 00:00:18]} Bxb3 {[%clk 00:04:35]} {[%emt 00:01:17]} 28.
cxb3 {[%clk 00:00:39]} {[%emt 00:00:43]} Rxb3+ {[%clk 00:05:00]} {[%emt
00:00:05]} 29. Ka1 {[%clk 00:00:32]} {[%emt 00:00:37]} Rxd3 {[%clk 00:04:45]}
{[%emt 00:00:46]} 30. Bf4 {[%clk 00:00:45]} {[%emt 00:00:17]} Rb8 {[%clk
00:02:44]} {[%emt 00:02:31]} 31. Rc1 {[%clk 00:00:42]} {[%emt 00:00:33]} Qd8
{[%clk 00:00:51]} {[%emt 00:02:22]} 32. Qxd8+ {[%clk 00:00:32]} {[%emt
00:00:40]} Rxd8 {[%clk 00:01:20]} {[%emt 00:00:01]} 33. Nb6 {[%clk 00:00:44]}
{[%emt 00:00:18]} Rf3 {[%clk 00:00:43]} {[%emt 00:01:06]} 34. Nd5 {[%clk
00:00:52]} {[%emt 00:00:22]} Rxf2 {[%clk 00:00:35]} {[%emt 00:00:39]} 35. Be3
{[%clk 00:00:56]} {[%emt 00:00:26]} Rf3 {[%clk 00:00:36]} {[%emt 00:00:28]} 36.
Bb6 {[%clk 00:00:58]} {[%emt 00:00:28]} Rb8 {[%clk 00:00:37]} {[%emt 00:00:29]}
37. Bxa5 {[%clk 00:00:44]} {[%emt 00:00:45]} a2 {[%clk 00:00:33]} {[%emt
00:00:34]} 38. Bc3 {[%clk 00:00:48]} {[%emt 00:00:26]} Rb1+ {[%clk 00:00:34]}
{[%emt 00:00:29]} 39. Rxb1 {[%clk 00:00:54]} {[%emt 00:00:23]} axb1=Q+ {[%clk
00:00:57]} {[%emt 00:00:08]} 40. Kxb1 {[%clk 00:01:19]} {[%emt 00:00:04]} Rxh3
{[%clk 00:00:53]} {[%emt 00:00:34]} 41. Nf6+ {[%clk 00:01:14]} {[%emt
00:00:36]} Kf8 {[%clk 00:00:54]} {[%emt 00:00:27]} 42. Kc2 {[%clk 00:01:05]}
{[%emt 00:00:41]} h6 {[%clk 00:00:34]} {[%emt 00:00:49]} 43. Nh7+ {[%clk
00:00:42]} {[%emt 00:00:53]} Ke7 {[%clk 00:00:44]} {[%emt 00:00:20]} 44. Kd2
{[%clk 00:00:46]} {[%emt 00:00:26]} hxg5 {[%clk 00:00:40]} {[%emt 00:00:34]} 45.
Nxg5 {[%clk 00:01:14]} {[%emt 00:00:02]} Rh2+ {[%clk 00:00:41]} {[%emt
00:00:29]} 46. Ke3 {[%clk 00:01:22]} {[%emt 00:00:22]} f6 {[%clk 00:00:36]}
{[%emt 00:00:35]} 47. Ne4 {[%clk 00:01:34]} {[%emt 00:00:18]} Rh3+ {[%clk
00:00:33]} {[%emt 00:00:33]} 48. Kf4 {[%clk 00:01:05]} {[%emt 00:00:59]} Rxc3
{[%clk 00:00:34]} {[%emt 00:00:29]} 49. Nxc3 {[%clk 00:01:33]} {[%emt
00:00:02]} Ke6 {[%clk 00:01:00]} {[%emt 00:00:05]} 50. Ne4 {[%clk 00:01:30]}
{[%emt 00:00:32]} g5+ {[%clk 00:01:10]} {[%emt 00:00:20]} 51. Kf3 {[%clk
00:01:19]} {[%emt 00:00:41]} Ke5 {[%clk 00:01:29]} {[%emt 00:00:12]} 52. Ng3
{[%clk 00:01:24]} {[%emt 00:00:24]} f5 {[%clk 00:01:30]} {[%emt 00:00:29]} 53.
Nh5 {[%clk 00:01:27]} {[%emt 00:00:28]} d5 {[%clk 00:01:31]} {[%emt 00:00:29]}
54. Ng7 {[%clk 00:01:52]} {[%emt 00:00:04]} d4 {[%clk 00:01:36]} {[%emt
00:00:26]} 55. Ne8 {[%clk 00:01:52]} {[%emt 00:00:29]} g4+ {[%clk 00:01:39]}
{[%emt 00:00:27]} 56. Ke2 {[%clk 00:00:59]} {[%emt 00:01:23]} g3 {[%clk
00:01:46]} {[%emt 00:00:23]} 57. Nc7 {[%clk 00:01:15]} {[%emt 00:00:14]} d3+
{[%clk 00:01:59]} {[%emt 00:00:16]} 0-1

[Event "Pobeskydi 2026"]
[Site "Frydek-Mistek, Czech Republic"]
[Date "2026.04.03"]
[Round "3.6"]
[White "Bjolek, Jan"]
[Black "Boff, Ondrej"]
[Result "0-1"]
[TimeControl "90 min+30s/move"]
[WhiteTitle "-"]
[BlackTitle "-"]
[WhiteFideId "23725800"]
[BlackFideId "23733950"]
[WhiteElo "2026"]
[BlackElo "2101"]

1. d4 {[%clk 01:30:59]} Nf6 {[%clk 01:30:49]} {[%emt 00:00:11]} 2. Bf4 {[%clk
01:31:24]} {[%emt 00:00:05]} c5 {[%clk 01:30:47]} {[%emt 00:00:32]} 3. e3
{[%clk 01:31:49]} {[%emt 00:00:05]} g6 {[%clk 01:30:36]} {[%emt 00:00:40]} 4.
c3 {[%clk 01:32:01]} {[%emt 00:00:19]} b6 {[%clk 01:29:29]} {[%emt 00:01:36]} 5.
Nf3 {[%clk 01:31:03]} {[%emt 00:01:29]} Bg7 {[%clk 01:28:17]} {[%emt 00:01:41]}
6. Nbd2 {[%clk 01:30:45]} {[%emt 00:00:49]} Bb7 {[%clk 01:24:46]} {[%emt
00:04:00]} 7. Be2 {[%clk 01:27:45]} {[%emt 00:03:31]} d6 {[%clk 01:22:13]}
{[%emt 00:03:02]} 8. O-O {[%clk 01:22:37]} {[%emt 00:05:38]} O-O {[%clk
01:19:59]} {[%emt 00:02:45]} 9. Re1 {[%clk 01:17:09]} {[%emt 00:05:58]} Nbd7
{[%clk 01:17:29]} {[%emt 00:02:59]} 10. Bf1 {[%clk 01:02:09]} {[%emt 00:15:31]}
Nh5 {[%clk 01:09:39]} {[%emt 00:08:20]} 11. Bg3 {[%clk 01:01:07]} {[%emt
00:01:32]} Nxg3 {[%clk 01:09:03]} {[%emt 00:01:05]} 12. hxg3 {[%clk 01:01:21]}
{[%emt 00:00:16]} d5 {[%clk 01:07:59]} {[%emt 00:01:34]} 13. a4 {[%clk
00:52:17]} {[%emt 00:09:35]} e5 {[%clk 01:03:52]} {[%emt 00:04:37]} 14. dxe5
{[%clk 00:52:09]} {[%emt 00:00:38]} Nxe5 {[%clk 01:03:58]} {[%emt 00:00:24]} 15.
Nxe5 {[%clk 00:51:59]} {[%emt 00:00:40]} Bxe5 {[%clk 01:04:19]} {[%emt
00:00:09]} 16. e4 {[%clk 00:37:35]} {[%emt 00:14:54]} Bg7 {[%clk 00:52:40]}
{[%emt 00:12:09]} 17. exd5 {[%clk 00:36:15]} {[%emt 00:01:50]} Qxd5 {[%clk
00:52:24]} {[%emt 00:00:45]} 18. Nf3 {[%clk 00:23:58]} {[%emt 00:12:47]} Rfe8
{[%clk 00:43:43]} {[%emt 00:09:12]} 19. Qxd5 {[%clk 00:22:29]} {[%emt
00:01:58]} Bxd5 {[%clk 00:43:57]} {[%emt 00:00:17]} 20. Rxe8+ {[%clk 00:17:06]}
{[%emt 00:05:52]} Rxe8 {[%clk 00:44:05]} {[%emt 00:00:23]} 21. a5 {[%clk
00:16:59]} {[%emt 00:00:37]} Rb8 {[%clk 00:38:15]} {[%emt 00:06:19]} 22. axb6
{[%clk 00:03:49]} {[%emt 00:13:42]} Rxb6 {[%clk 00:37:56]} {[%emt 00:00:48]} 23.
Rxa7 {[%clk 00:04:13]} {[%emt 00:00:06]} Rxb2 {[%clk 00:37:21]} {[%emt
00:01:05]} 24. Rd7 {[%clk 00:02:31]} {[%emt 00:02:11]} Bxf3 {[%clk 00:37:25]}
{[%emt 00:00:26]} 25. Rd8+ {[%clk 00:02:53]} {[%emt 00:00:08]} Bf8 {[%clk
00:37:49]} {[%emt 00:00:04]} 26. gxf3 {[%clk 00:03:19]} {[%emt 00:00:06]} Rc2
{[%clk 00:37:52]} {[%emt 00:00:26]} 27. c4 {[%clk 00:03:01]} {[%emt 00:00:49]}
Kg7 {[%clk 00:37:43]} {[%emt 00:00:38]} 28. Rd5 {[%clk 00:02:33]} {[%emt
00:00:58]} Be7 {[%clk 00:36:35]} {[%emt 00:01:38]} 29. Bd3 {[%clk 00:02:45]}
{[%emt 00:00:19]} Rc3 {[%clk 00:33:24]} {[%emt 00:03:40]} 30. Kf1 {[%clk
00:01:14]} {[%emt 00:02:01]} Bf6 {[%clk 00:31:22]} {[%emt 00:02:33]} 31. f4
{[%clk 00:01:33]} {[%emt 00:00:11]} Bd4 {[%clk 00:31:13]} {[%emt 00:00:39]} 32.
Be2 {[%clk 00:01:19]} {[%emt 00:00:44]} Rc1+ {[%clk 00:31:05]} {[%emt
00:00:38]} 33. Kg2 {[%clk 00:01:44]} {[%emt 00:00:04]} Rc2 {[%clk 00:31:30]}
{[%emt 00:00:06]} 34. Kf1 {[%clk 00:01:38]} {[%emt 00:00:36]} h5 {[%clk
00:31:16]} {[%emt 00:00:43]} 35. Rd7 {[%clk 00:01:03]} {[%emt 00:01:05]} Kf6
{[%clk 00:30:49]} {[%emt 00:00:57]} 36. Rb7 {[%clk 00:01:07]} {[%emt 00:00:27]}
Ra2 {[%clk 00:30:31]} {[%emt 00:00:48]} 37. Rc7 {[%clk 00:00:39]} {[%emt
00:00:58]} Ke6 {[%clk 00:29:07]} {[%emt 00:01:53]} 38. Rc6+ {[%clk 00:00:42]}
{[%emt 00:00:28]} Kf5 {[%clk 00:27:46]} {[%emt 00:01:49]} 39. f3 {[%clk
00:00:54]} {[%emt 00:00:20]} Ra1+ {[%clk 00:27:35]} {[%emt 00:00:40]} 40. Kg2
{[%clk 00:01:19]} {[%emt 00:00:06]} Ra2 {[%clk 00:27:28]} {[%emt 00:00:36]} 41.
Kf1 {[%clk 00:01:37]} {[%emt 00:00:13]} Ra3 {[%clk 00:21:29]} {[%emt 00:06:29]}
42. Rd6 {[%clk 00:02:03]} {[%emt 00:00:04]} h4 {[%clk 00:20:58]} {[%emt
00:01:00]} 43. Rd5+ {[%clk 00:02:25]} {[%emt 00:00:09]} Kf6 {[%clk 00:20:34]}
{[%emt 00:00:54]} 44. gxh4 {[%clk 00:02:38]} {[%emt 00:00:18]} Ra1+ {[%clk
00:20:49]} {[%emt 00:00:14]} 45. Kg2 {[%clk 00:03:04]} {[%emt 00:00:04]} Rg1+
{[%clk 00:21:12]} {[%emt 00:00:06]} 46. Kh2 {[%emt 00:01:16]} Rc1 {[%clk
00:17:53]} {[%emt 00:03:48]} 47. Kg2 {[%clk 00:01:56]} {[%emt 00:00:54]} Rg1+
{[%clk 00:15:17]} {[%emt 00:03:06]} 48. Kh2 {[%emt 00:00:08]} Re1 {[%clk
00:15:42]} {[%emt 00:00:01]} 49. Bd3 {[%clk 00:02:48]} {[%emt 00:00:05]} Re3
{[%clk 00:16:04]} {[%emt 00:00:07]} 50. Be4 {[%clk 00:02:47]} {[%emt 00:00:32]}
Rc3 {[%clk 00:15:39]} {[%emt 00:00:55]} 51. Rd7 {[%clk 00:02:26]} {[%emt
00:00:50]} Ke6 {[%clk 00:15:22]} {[%emt 00:00:47]} 52. Rd5 {[%clk 00:00:32]}
{[%emt 00:02:25]} f5 {[%clk 00:13:54]} {[%emt 00:01:57]} 53. Bb1 {[%clk
00:00:33]} {[%emt 00:00:29]} Rb3 {[%clk 00:14:09]} {[%emt 00:00:14]} 54. h5
{[%clk 00:00:32]} {[%emt 00:00:31]} Rxb1 {[%clk 00:14:16]} {[%emt 00:00:24]} 55.
hxg6 {[%clk 00:00:35]} {[%emt 00:00:28]} Rb8 {[%clk 00:14:36]} {[%emt
00:00:09]} 0-1

[Event "Pobeskydi 2026"]
[Site "Frydek-Mistek, Czech Republic"]
[Date "2026.04.03"]
[Round "3.7"]
[White "Osina, Jaromir"]
[Black "Trybus, Daniel"]
[Result "1-0"]
[TimeControl "90 min+30s/move"]
[WhiteTitle "-"]
[BlackTitle "-"]
[WhiteFideId "23712759"]
[BlackFideId "21816131"]
[WhiteElo "1972"]
[BlackElo "2055"]

1. d4 {[%clk 01:30:59]} Nf6 {[%clk 01:22:33]} {[%emt 00:08:27]} 2. c4 {[%clk
01:31:22]} {[%emt 00:00:07]} d6 {[%clk 01:22:21]} {[%emt 00:00:40]} 3. Nc3
{[%clk 01:30:35]} {[%emt 00:01:19]} Nbd7 {[%clk 01:22:44]} {[%emt 00:00:06]} 4.
e4 {[%clk 01:29:16]} {[%emt 00:01:50]} e5 {[%clk 01:22:45]} {[%emt 00:00:30]} 5.
d5 {[%clk 01:27:50]} {[%emt 00:01:56]} Be7 {[%clk 01:22:21]} {[%emt 00:00:52]}
6. f3 {[%clk 01:26:23]} {[%emt 00:01:57]} O-O {[%clk 01:21:07]} {[%emt
00:01:45]} 7. Be3 {[%clk 01:25:58]} {[%emt 00:00:55]} c6 {[%clk 01:19:11]}
{[%emt 00:02:27]} 8. Nge2 {[%clk 01:19:33]} {[%emt 00:06:54]} Ne8 {[%clk
01:15:42]} {[%emt 00:03:58]} 9. Qd2 {[%clk 01:13:17]} {[%emt 00:06:47]} Nc7
{[%clk 01:13:48]} {[%emt 00:02:24]} 10. O-O-O {[%clk 01:09:21]} {[%emt
00:04:25]} cxd5 {[%clk 01:12:17]} {[%emt 00:02:02]} 11. cxd5 {[%clk 01:01:59]}
{[%emt 00:07:53]} b5 {[%clk 01:11:52]} {[%emt 00:00:54]} 12. Kb1 {[%clk
00:58:14]} {[%emt 00:04:15]} b4 {[%clk 01:08:37]} {[%emt 00:03:46]} 13. Na4
{[%clk 00:58:26]} {[%emt 00:00:18]} Na6 {[%clk 01:08:51]} {[%emt 00:00:15]} 14.
Nc1 {[%clk 00:53:51]} {[%emt 00:05:04]} Qa5 {[%clk 01:08:57]} {[%emt 00:00:25]}
15. b3 {[%clk 00:53:20]} {[%emt 00:01:01]} Bd8 {[%clk 01:07:22]} {[%emt
00:02:05]} 16. Nd3 {[%clk 00:47:03]} {[%emt 00:06:47]} Bb6 {[%clk 01:03:22]}
{[%emt 00:04:30]} 17. Ndb2 {[%clk 00:44:44]} {[%emt 00:02:49]} Bxe3 {[%clk
01:02:35]} {[%emt 00:01:18]} 18. Qxe3 {[%clk 00:44:03]} {[%emt 00:01:11]} Nac5
{[%clk 01:01:01]} {[%emt 00:02:03]} 19. Nc4 {[%clk 00:40:47]} {[%emt 00:03:46]}
Qc7 {[%clk 01:00:17]} {[%emt 00:01:14]} 20. Nxc5 {[%clk 00:39:28]} {[%emt
00:01:49]} Nxc5 {[%clk 01:00:35]} {[%emt 00:00:12]} 21. Rc1 {[%clk 00:39:39]}
{[%emt 00:00:19]} Qd8 {[%clk 00:44:29]} {[%emt 00:16:36]} 22. Nxd6 {[%clk
00:33:09]} {[%emt 00:07:00]} Na4 {[%clk 00:40:12]} {[%emt 00:04:47]} 23. Nxf7
{[%clk 00:27:18]} {[%emt 00:06:22]} Rxf7 {[%clk 00:40:33]} {[%emt 00:00:08]} 24.
bxa4 {[%clk 00:27:42]} {[%emt 00:00:06]} Rb8 {[%clk 00:40:39]} {[%emt
00:00:24]} 25. Bb5 {[%clk 00:23:49]} {[%emt 00:04:24]} b3 {[%clk 00:38:20]}
{[%emt 00:02:48]} 26. axb3 {[%clk 00:22:15]} {[%emt 00:02:04]} Rfb7 {[%clk
00:37:20]} {[%emt 00:01:30]} 27. Rc3 {[%clk 00:14:38]} {[%emt 00:08:08]} Bd7
{[%clk 00:34:24]} {[%emt 00:03:26]} 28. Bxd7 {[%clk 00:11:39]} {[%emt
00:03:28]} Qxd7 {[%clk 00:34:53]} {[%emt 00:00:01]} 29. Ka2 {[%clk 00:11:45]}
{[%emt 00:00:24]} Rb4 {[%clk 00:34:48]} {[%emt 00:00:35]} 30. Rhc1 {[%clk
00:11:02]} {[%emt 00:01:12]} Qb7 {[%clk 00:33:10]} {[%emt 00:02:09]} 31. Qc5
{[%clk 00:08:17]} {[%emt 00:03:15]} h6 {[%clk 00:27:16]} {[%emt 00:06:24]} 32.
Qc6 {[%clk 00:07:09]} {[%emt 00:01:38]} Rxb3 {[%clk 00:27:37]} {[%emt
00:00:09]} 33. Qe6+ {[%clk 00:06:04]} {[%emt 00:01:35]} 1-0